LIBRARY & INFORMATION CENTRE, KCAET, TAVANUR

ONLINE PUBLIC ACCESS CATALOGUE (OPAC)

Development of a cut, hold and convey mechanism for harvesting fruits (Record no. 14948)

MARC details
000 -LEADER
fixed length control field 00610nam a22001697a 4500
003 - CONTROL NUMBER IDENTIFIER
control field OSt
088 ## - REPORT NUMBER
Report number P 275
100 ## - MAIN ENTRY--AUTHOR NAME
Personal name ANNU T. MEEMPORE
-- PRATHISH DEVAN
245 ## - TITLE STATEMENT
Title Development of a cut, hold and convey mechanism for harvesting fruits
260 ## - PUBLICATION, DISTRIBUTION, ETC. (IMPRINT)
Place of publication Tavanur 2014
Name of publisher Kelappaji College of Agricultural Engineering and Technology
300 ## - PHYSICAL DESCRIPTION
Number of Pages 54
500 ## - GENERAL NOTE
General note Development of a cut, hold and convey mechanism for harvesting fruits
520 ## - SUMMARY, ETC.
Summary, etc Development of a cut, hold and convey mechanism for harvesting fruits
700 ## - ADDED ENTRY--PERSONAL NAME
Personal name Er. Shivaji K.P (Guide)
942 ## - ADDED ENTRY ELEMENTS (KOHA)
Koha item type Project Report
Holdings
Collection code Home library Current library Shelving location Full call number Accession Number Koha item type
Reference KAUAET KAUAET Reference 631.3 ANN/DE P 275 Project Report
free website counter